00882naa#a2200181#i#4500001002300000005001700023011001400040100004100054102000700095200024800102210016900350215001000519608004500529675005400574700003000628700002800658856001400686RU\INFRA-M\bibl\12582820260705153508.7##a2306-627X##a20260615b2026####ek#y0rusy0150####ca##aRU1#aСтратегические приоритеты цифровой трансформации экосистемы публичного управления на примере зарубежных странeЖурнальная статья1#aМоскваcОбщество с ограниченной ответственностью «Научно-издательский центр ИНФРА-М»d2026##a6 с.##aЖурнальная статья2local##aУправление экономикой. 338.24#1aЗавьяловgА. С.#1aХоменкоgЕ. Б.4#azh-szf.ru